Registro de lectores de la Biblioteca General de la Universidad Benito Juárez de Oaxaca

Detalles Bibliográficos
Formato: Libro
Lenguaje:Spanish
Publicado: Oaxaca : s.n., 19--.
Materias:
Colección:Banco de datos
Acervo:Universidad Autónoma Benito Juárez de Oaxaca. Biblioteca Francisco de Burgoa. Colección moderna
Descripción Física:[31] h. ; 33 cm.
Tema general:Administración
Bibliografía
Notas:Texto a tres columnas manuscritas sin foliación. Encuadernación en cartón con lomo y orillas en tela. Ex libris en estampa de S G. Daños en la encuadernación, tapas desprendidas
LEADER 00798nam a22001690004500
035 |a 1578 
041 0 |a spa 
245 1 0 |a Registro de lectores de la Biblioteca General de la Universidad Benito Juárez de Oaxaca 
260 |a Oaxaca : s.n., 19--. 
300 |a [31] h. ; 33 cm.  
500 |a Texto a tres columnas manuscritas sin foliación. Encuadernación en cartón con lomo y orillas en tela. Ex libris en estampa de S G. Daños en la encuadernación, tapas desprendidas 
650 1 0 |a Administración 
650 1 0 |a Bibliografía 
852 |a Universidad Autónoma "Benito Juárez" de Oaxaca, Biblioteca Francisco de Burgoa, Colección moderna 22947 
942 |c BURMOD 
943 |g Universidad Autónoma Benito Juárez de Oaxaca. Biblioteca Francisco de Burgoa. Colección moderna 
999 |c 1126021  |d 1126021